La universidad en la América hispánica

Gardado en:
Detalles Bibliográficos
Autor Principal: Rodríguez Cruz, Agueda María (Author)
Formato: Libro
Idioma:Lingua castelá
Publicado: Madrid MAPFRE 1992
Series:Colección realidades americanas, 6
Subjects:
Tags: Engadir etiqueta
Sen Etiquetas, Sexa o primeiro en etiquetar este rexistro!

MARC

LEADER 00000nam a2200000 a 4500
001 UCX6863
003 CL-VaPUC
008 930826e19920000SP |||||||||||||||||spa|d
082 0 4 |a 378.8  |b ROD  |2 21 
100 0 |a Rodríguez Cruz, Agueda María  |e author  |9 323495 
245 1 3 |a La universidad en la América hispánica 
300 |a 354 p 
942 |c BK 
945 |d 19930826 00:00:00 
260 |a Madrid  |b MAPFRE  |c 1992 
650 7 |a UNIVERSIDADES HISTORIA  |2 CL-VaPUC  |9 255114 
651 0 |a América Latina   |9 255027 
583 |a last modification  |c 19930826 00:00:00  |k Rodrigo Vera 
490 0 |a Colección realidades americanas, 6 
999 |c 226804  |d 226802 
952 |0 0  |1 0  |4 0  |6 378_800000000000000_ROD_1992  |7 0  |8 A  |9 225419  |a BIBHIS  |b BIBHIS  |d 2019-11-15  |i 2941171  |l 4  |o 378.8 ROD 1992  |p 2941171  |r 2025-01-20  |s 2021-09-27  |w 2019-11-15  |y BK  |k HIS